8 mots dans mots : mir (mort subite) - Statistiques

Statistiques générales
  • Ce quiz a été pris 39 fois
  • Le résultat moyen est 6 sur 8
Answers on the Grid
Answers color-coded by a green-red scale on the quiz's grid according to % correct below.
Marie-ant---ette
Vice-a---al
Sé---amis
Martin-pê---ur
Ad---ativement
Cau---marder
Mont---ail
Ma---naliser
Raffer---
Contre---quer
Cache---e
Ad---ablement
Ma---haux-ferrants
Ma---riser
Ma---andisation
Solution ----acle
 
Statistiques - réponses
Réponse % Correct
Vice-a---al
94%
Ad---ablement
86%
Mont---ail
86%
Raffer---
86%
Solution ----acle
83%
Cache---e
81%
Ad---ativement
75%
Sé---amis
28%
Aucun quiz correspondant
Distribution des résultats
% des personnes avec chaque résultat
Percentile par nombre de réponses
Votre historique - résultats
Vous n’avez pas pris ce quiz